Prognózovanie obchodných cyklov diplomová práca

Salvato in:
Dettagli Bibliografici
Autore principale: Bartaloš, Peter
Ente Autore: Fakulta hospodárskej informatiky EU. Katedra štatistiky
Altri autori: Rublíková, Eva
Natura: Libro
Lingua:slovacco
Pubblicazione: Bratislava 2008
Tags: Aggiungi Tag
Nessun Tag, puoi essere il primo ad aggiungerne!!

MARC

LEADER 00000nam$a2200000$$$4500
001 0077113
005 20240201120206.4
041 0 |a slo 
044 |a SK 
245 1 0 |a Prognózovanie obchodných cyklov  |b diplomová práca  |c Peter Bartaloš ; škol. Eva Rublíková 
264 1 |a Bratislava  |c 2008 
300 |a 88 s. 
100 1 |a Bartaloš, Peter 
700 1 |a Rublíková, Eva 
710 2 |a Fakulta hospodárskej informatiky EU. Katedra štatistiky